000 00987nam a2200289 a 4500
001 000111391
003 CHAP
005 20220329144209.0
008 150406s2014 mx a fsm |||||||spa d
010 _a107853
011 _a108825
040 _cCHAP
090 _aTesis
100 1 _aHernández Rodríguez, Landy
_954548
245 1 0 _aDesarrollo de coacervados para su uso como vehículos de bioactivos
_h[En línea]
_cpor Landy Hernández Rodríguez.
260 _aChapingo, Méx. :
_bEl autor,
_c2014.
500 _aPara ver el contenido del material haga clic en la liga
502 _aTesis (Ing. Agr. Esp. en ) -- UAM. Unidad Iztapalapa
590 _aE6096MTM
_b05
_c20150406
_lUCH01
_h1458
590 _aE6096MTM
_b05
_c20150406
_lUCH01
_h1500
590 _aE6096MTM
_b05
_c20150415
_lUCH01
_h0913
650 1 4 _aLactobacillus plantarum.
_964352
856 _aFinding aid
_uhttp://10.13.5.2/tesis/sist111391.pdf
_zTeclea aquí
901 _aBK
942 _cTESIS
942 _n0
999 _c107853
_d107853